<?xml version="1.0" encoding="UTF-8"?>
<record
    xmlns:xsi="http://www.w3.org/2001/XMLSchema-instance"
    xsi:schemaLocation="http://www.loc.gov/MARC21/slim http://www.loc.gov/standards/marcxml/schema/MARC21slim.xsd"
    xmlns="http://www.loc.gov/MARC21/slim">

  <leader>01748nam a2200337 i 4500</leader>
  <controlfield tag="003">DO-SdBNP</controlfield>
  <controlfield tag="005">20250607073644.0</controlfield>
  <controlfield tag="007">ta</controlfield>
  <controlfield tag="008">210521e2007    dr ad||grl|||s00| 0 spa d</controlfield>
  <datafield tag="020" ind1=" " ind2=" ">
    <subfield code="a">9954360508</subfield>
  </datafield>
  <datafield tag="040" ind1=" " ind2=" ">
    <subfield code="a">DO-SdBNP</subfield>
    <subfield code="b">spa</subfield>
    <subfield code="c">BNPHU</subfield>
    <subfield code="e">rda</subfield>
  </datafield>
  <datafield tag="041" ind1=" " ind2=" ">
    <subfield code="h">spa</subfield>
  </datafield>
  <datafield tag="082" ind1=" " ind2="4">
    <subfield code="a">362.8292</subfield>
    <subfield code="b">R426n</subfield>
    <subfield code="2">22</subfield>
  </datafield>
  <datafield tag="110" ind1="1" ind2=" ">
    <subfield code="a">Rep&#xFA;blica Dominicana. </subfield>
    <subfield code="b"> Secretaria de Estado de Salud P&#xFA;blica y Asistencia Social (2001)</subfield>
    <subfield code="9">56549</subfield>
  </datafield>
  <datafield tag="245" ind1="1" ind2="0">
    <subfield code="a">Normas nacionales para la atenci&#xF3;n integral en salud de la violencia intrafamiliar y violencia contra la mujer </subfield>
  </datafield>
  <datafield tag="250" ind1=" " ind2=" ">
    <subfield code="a">2a.ed.</subfield>
  </datafield>
  <datafield tag="264" ind1=" " ind2=" ">
    <subfield code="a">Santo Domingo :</subfield>
    <subfield code="b">SESPAS,</subfield>
    <subfield code="c">2007.</subfield>
  </datafield>
  <datafield tag="300" ind1=" " ind2=" ">
    <subfield code="a">133 p&#xE1;ginas :</subfield>
    <subfield code="b">ilustraciones ;</subfield>
    <subfield code="c">21 cm.</subfield>
  </datafield>
  <datafield tag="336" ind1=" " ind2=" ">
    <subfield code="2">rdacontent</subfield>
    <subfield code="a">texto</subfield>
    <subfield code="b">txt</subfield>
  </datafield>
  <datafield tag="337" ind1=" " ind2=" ">
    <subfield code="2">rdamedia</subfield>
    <subfield code="a">sin mediaci&#xF3;n</subfield>
    <subfield code="b">n</subfield>
  </datafield>
  <datafield tag="338" ind1=" " ind2=" ">
    <subfield code="2">rdacarrier</subfield>
    <subfield code="a">volumen</subfield>
    <subfield code="b">nc</subfield>
  </datafield>
  <datafield tag="490" ind1="1" ind2=" ">
    <subfield code="a">Normas nacionales / SESPAS ;</subfield>
    <subfield code="v">24</subfield>
  </datafield>
  <datafield tag="504" ind1=" " ind2=" ">
    <subfield code="a">Bibliograf&#xED;a : p. 93-97 </subfield>
  </datafield>
  <datafield tag="505" ind1=" " ind2=" ">
    <subfield code="a">Presentaci&#xF3;n-- </subfield>
    <subfield code="g">Introducci&#xF3;n.--</subfield>
    <subfield code="g">Marco conceptual.--</subfield>
    <subfield code="t">1. Objetivo y campo de aplicaci&#xF3;n.--</subfield>
    <subfield code="t">2. Base legal.--</subfield>
    <subfield code="t">3. Definiciones.--</subfield>
    <subfield code="t">4. Modelo de atenci&#xF3;n integral para el abordaje de la violencia intrafamiliar y violencia contra la mujer.--</subfield>
    <subfield code="t">5. Sistema de referencia y contrareferencia.--</subfield>
    <subfield code="t">6. Conformaci&#xF3;n y organizaci&#xF3;n de las redes de atenci&#xF3;n y prevenci&#xF3;n de la VIFM.--</subfield>
    <subfield code="t">7. Recursos humanos en salud y los espacios de desempe&#xF1;o.--</subfield>
    <subfield code="t">8. Sistema de informaci&#xF3;n.--</subfield>
    <subfield code="t">9. Bibliograf&#xED;a.--</subfield>
    <subfield code="t">10. Anexos.--</subfield>
    <subfield code="t">11. Instrumentos.</subfield>
  </datafield>
  <datafield tag="590" ind1=" " ind2=" ">
    <subfield code="a">Inventariado, 2021/MFF</subfield>
  </datafield>
  <datafield tag="650" ind1=" " ind2="0">
    <subfield code="a">Atenci&#xF3;n primaria de salud</subfield>
    <subfield code="x">Legislaci&#xF3;n</subfield>
    <subfield code="z">Rep&#xFA;blica Dominicana</subfield>
    <subfield code="9">20167</subfield>
  </datafield>
  <datafield tag="650" ind1=" " ind2="0">
    <subfield code="a">VIOLENCIA CONTRA LA MUJER</subfield>
    <subfield code="z">Rep&#xFA;blica Dominicana</subfield>
    <subfield code="9">38242</subfield>
  </datafield>
  <datafield tag="830" ind1=" " ind2="0">
    <subfield code="a">Normas nacionales ;</subfield>
    <subfield code="n">24</subfield>
    <subfield code="9">78647</subfield>
  </datafield>
  <datafield tag="910" ind1=" " ind2=" ">
    <subfield code="a">Validado. Control de calidad MFF</subfield>
  </datafield>
  <datafield tag="942" ind1=" " ind2=" ">
    <subfield code="2">ddc</subfield>
    <subfield code="c">LBS1</subfield>
  </datafield>
  <datafield tag="952" ind1=" " ind2=" ">
    <subfield code="0">0</subfield>
    <subfield code="1">0</subfield>
    <subfield code="2">ddc</subfield>
    <subfield code="5">3</subfield>
    <subfield code="7">0</subfield>
    <subfield code="8">PD</subfield>
    <subfield code="a">BNPHU</subfield>
    <subfield code="b">BNPHU</subfield>
    <subfield code="c">HD</subfield>
    <subfield code="d">2020-01-29</subfield>
    <subfield code="e">Dep&#xF3;sito legal</subfield>
    <subfield code="l">0</subfield>
    <subfield code="o">BNPHU PD 362.8292 R426n 2007</subfield>
    <subfield code="p">2021-1780</subfield>
    <subfield code="r">2021-05-21</subfield>
    <subfield code="w">2021-05-21</subfield>
    <subfield code="y">LBS1</subfield>
  </datafield>
  <datafield tag="952" ind1=" " ind2=" ">
    <subfield code="0">0</subfield>
    <subfield code="1">0</subfield>
    <subfield code="2">ddc</subfield>
    <subfield code="5">3</subfield>
    <subfield code="7">0</subfield>
    <subfield code="8">PD</subfield>
    <subfield code="a">BNPHU</subfield>
    <subfield code="b">BNPHU</subfield>
    <subfield code="c">HD</subfield>
    <subfield code="d">2020-10-29</subfield>
    <subfield code="e">Dep&#xF3;sito legal</subfield>
    <subfield code="l">0</subfield>
    <subfield code="o">BNPHU PD 362.8292 R426n 2007</subfield>
    <subfield code="p">2021-1781</subfield>
    <subfield code="r">2021-05-21</subfield>
    <subfield code="t">e.2</subfield>
    <subfield code="w">2021-05-21</subfield>
    <subfield code="y">LBS1</subfield>
  </datafield>
  <datafield tag="952" ind1=" " ind2=" ">
    <subfield code="0">0</subfield>
    <subfield code="1">0</subfield>
    <subfield code="2">ddc</subfield>
    <subfield code="5">6</subfield>
    <subfield code="7">0</subfield>
    <subfield code="8">DS</subfield>
    <subfield code="a">BNPHU</subfield>
    <subfield code="b">BNPHU</subfield>
    <subfield code="c">HD</subfield>
    <subfield code="d">2020-01-29</subfield>
    <subfield code="e">Dep&#xF3;sito legal</subfield>
    <subfield code="l">0</subfield>
    <subfield code="o">BNPHU DS 362.8292 R426n 2007</subfield>
    <subfield code="p">2021-1782</subfield>
    <subfield code="r">2021-05-21</subfield>
    <subfield code="t">e.3</subfield>
    <subfield code="w">2021-05-21</subfield>
    <subfield code="y">LBS1</subfield>
  </datafield>
  <datafield tag="999" ind1=" " ind2=" ">
    <subfield code="c">49834</subfield>
    <subfield code="d">49834</subfield>
  </datafield>
</record>
